000 00347nam a2200133 i 4500
001 bg
100 1 _aWOLNA, MAŁGORZATA
245 0 _aNiektóre aspekty odkształcenia i kruchego zniszczenia... /
_cMałgorzata Wolna.
260 _aWarszawa,
_c1983.
040 _cBPK
041 _apol
942 _cKS
008 s pl f |000 0 pol
999 _c22181
_d22181
856 _uhttp://koha.tu.koszalin.pl/cgi-bin/koha/opac-detail.pl?biblionumber=22181
_yKatalog online BPK